| 000 | 00885nmm a2200253 a 4500 | ||
|---|---|---|---|
| 001 | ocm0001221719 | ||
| 003 | TR-IsHL | ||
| 005 | 20201028155126.0 | ||
| 008 | 110704s2000 tu tur | ||
| 007 | cr cn | ||
| 035 |
_a1221719 _b(N$T) |
||
| 050 | 0 | 4 |
_aHD7211.93 _bS67 2000 |
| 090 | 0 | 4 |
_aHD7211.93 _bS67 2000 |
| 245 | 1 | 0 |
_aSorularla Bağ- Kur rehberi _h[electronic resource] / _chaz. A. Murat Demircioğlu |
| 260 |
_aİstanbul : _bİstanbul Ticaret Odası, _c2000 |
||
| 300 | _a128 p. | ||
| 650 | 4 | _aSosyoloji | |
| 650 | 4 | _aSociology | |
| 650 | 0 |
_aSosyal güvenlik _x Türkiye _x Rehber kitaplar |
|
| 650 | 0 |
_aSocial security _x Turkey _x Guidebooks |
|
| 650 | 7 |
_aPOLITICAL SCIENCE / Public Policy / Social Security _2bisacsh |
|
| 700 | 1 | _aDemircioğlu, A. Murat | |
| 856 | 4 | 0 | _uhttp://search.ebscohost.com/login.aspx?direct=true&scope=site&db=e011xww&AN=1221719 |
| 999 |
_c12927 _d12927 |
||